<?xml version="1.0" encoding="UTF-8"?>
<marc:record xmlns:marc="http://www.loc.gov/MARC21/slim">
   <marc:leader>00000nam a2200000 a 4500</marc:leader>
   <marc:datafield ind1="1" ind2=" " tag="100">
      <marc:subfield code="a">Maron, Monika</marc:subfield>
      <marc:subfield code="4">aut</marc:subfield>
      <marc:subfield code="e">Verfasser/-in</marc:subfield>
   </marc:datafield>
   <marc:datafield ind1="0" ind2="0" tag="245">
      <marc:subfield code="a">Bitterfelder Bogen</marc:subfield>
   </marc:datafield>
   <marc:datafield ind1="0" ind2="0" tag="245">
      <marc:subfield code="b">Ein Bericht</marc:subfield>
   </marc:datafield>
   <marc:datafield ind1=" " ind2="1" tag="264">
      <marc:subfield code="b">FISCHER E-Books</marc:subfield>
      <marc:subfield code="c">2012</marc:subfield>
   </marc:datafield>
   <marc:datafield ind1="1" ind2=" " tag="520">
      <marc:subfield code="a">"Vielleicht kennen ja sogar die Ostdeutschen ihre eigenen Erfolgsgeschichten zu wenig, um stolz auf sie und sich selbst zu sein." Monika Maron erzählt vom Aufbruch einiger Kreuzberger Solar-Enthusiasten in die Sachsen-Anhaltinische Provinz, wo sie eine Solarzellenfabrik mit vierzig Arbeitsplätzen bauen wollen. Die Verwirklichung ihres Traums verändert eine ganze Region. 30 Jahre nach dem Roman &#x9b;Flugasche&#x8b; fährt Monika Maron erneut nach Bitterfeld und erzählt die Geschichte des &#x9b;Solar Valley&#x8b;.</marc:subfield>
   </marc:datafield>
   <marc:datafield ind1=" " ind2=" " tag="020">
      <marc:subfield code="a">9783104020372</marc:subfield>
      <marc:subfield code="9">9783104020372</marc:subfield>
   </marc:datafield>
   <marc:datafield ind1="3" ind2=" " tag="024">
      <marc:subfield code="a">9783104020372</marc:subfield>
   </marc:datafield>
   <marc:datafield ind1=" " ind2=" " tag="041">
      <marc:subfield code="a">ger</marc:subfield>
   </marc:datafield>
   <marc:datafield ind1=" " ind2=" " tag="300">
      <marc:subfield code="a">176 S.</marc:subfield>
   </marc:datafield>
</marc:record>
